| 000 | 00662nam a2200229Ia 4500 | ||
|---|---|---|---|
| 003 | GCL | ||
| 008 | 140319s9999 xx 000 0 ara d | ||
| 040 |
_aGCL / _cGCL |
||
| 082 | 0 | 4 |
_aط _b813.01 _bح س |
| 100 | 1 | _aحسن احمد الشافعى | |
| 245 | 1 | 0 |
_aسمسمة / _cحسن احمد الشافعى |
| 700 | 1 | _aحسن احمد جفام | |
| 700 | 1 | _aالفتنى الاخصر | |
| 700 | 1 | _aرضا رحمان | |
| 260 |
_a[S.N] : _bدار المعارف ، _c1986 |
||
| 300 | _a320 ص | ||
| 490 |
_aفى كل ليلة حكاية _v0 |
||
| 650 | 0 | 4 | _aالاطفال |
| 650 | 0 | 4 | _aالقصص |
| 650 | 0 | 4 | _aقصص الاطفال |
| 942 |
_2ddc _cBK |
||
| 999 |
_c56573 _d56573 |
||